| 000 | 00710cam a2200205 a 4500 | ||
|---|---|---|---|
| 001 | 000018270 | ||
| 005 | 20200929165429.0 | ||
| 008 | 830617s1917 nyu 000 0 fre d | ||
| 040 |
_aDO-SdBNP _bfre _cLC _dBNPHU |
||
| 050 | 0 | 0 |
_aPC2111 _b.B53 1905 |
| 082 |
_ann* _bB515d |
||
| 100 | 1 |
_aBerlitz, Maximilian Delphinus, _d1852-1921. _939569 |
|
| 245 | 1 | 0 |
_aDeuxième livre pour l'enseignement des langues modernes : _bpartie français pour adultes / _cM. D. Berlitz. |
| 260 |
_aNew York : _bM. D. Berlitz, _c1917. |
||
| 300 |
_a153 p. ; _c21 cm. |
||
| 650 | 0 |
_aFrench language _xComposition and exercises. _939570 |
|
| 650 | 0 |
_aFrench language _vReaders. _939571 |
|
| 910 | _aCatalogación derivada | ||
| 049 | _aBNGR | ||
| 999 |
_c17791 _d17791 |
||